| 000 -LEADER |
| fixed length control field |
00949nam a22002057a 4500 |
| 005 - DATE AND TIME OF LATEST TRANSACTION |
| control field |
20220117120202.0 |
| 008 - FIXED-LENGTH DATA ELEMENTS--GENERAL INFORMATION |
| fixed length control field |
220117s2019 enk||||| |||| 00| 0 eng d |
| 020 ## - INTERNATIONAL STANDARD BOOK NUMBER |
| International Standard Book Number |
9780367230951 |
| 041 ## - LANGUAGE CODE |
| Language code of text/sound track or separate title |
eng |
| 080 ## - UNIVERSAL DECIMAL CLASSIFICATION NUMBER |
| Universal Decimal Classification number |
37.01 E-11 |
| 245 ## - TITLE STATEMENT |
| Title |
Early Childhood Pedagogies: |
| Remainder of title |
Creating spaces for young children to flourish / |
| Statement of responsibility, etc. |
Editor Jane Murray. |
| 264 ## - PRODUCTION, PUBLICATION, DISTRIBUTION, MANUFACTURE, AND COPYRIGHT NOTICE |
| Place of production, publication, distribution, manufacture |
London : |
| Name of producer, publisher, distributor, manufacturer |
Routledge, Taylor & Francis Group, |
| Date of production, publication, distribution, manufacture, or copyright notice |
2019. |
| 300 ## - PHYSICAL DESCRIPTION |
| Extent |
322 p. |
| Other physical details |
25 cm. |
| 653 ## - INDEX TERM--UNCONTROLLED |
| keyword |
ადრეული ასაკის ბავშვთა პედაგოგიკა |
| 653 ## - INDEX TERM--UNCONTROLLED |
| keyword |
Педагогика раннего детства |
| 653 ## - INDEX TERM--UNCONTROLLED |
| keyword |
პატარა ბავშვებისთვის სამუშაო სივრცის შექმნა |
| 653 ## - INDEX TERM--UNCONTROLLED |
| keyword |
Создание пространства для развития маленьких детей |
| 700 ## - ADDED ENTRY--PERSONAL NAME |
| Personal name |
Murray, Jane |
| Relator term |
რედაქტორი |
| 9 (RLIN) |
13391 |
| 942 ## - ADDED ENTRY ELEMENTS (KOHA) |
| Source of classification or shelving scheme |
|
| Koha item type |
წიგნი |